000 00721cam a22002413a 4500
001 19232
003 PGUSA
005 20140828083416.0
008 060910s2006||||xxu|||||s|||||000 | eng d
040 _aPGUSA
_beng
042 _adc
050 4 _aBF
100 1 _aStaël, Madame de
_q(Anne-Louise-Germaine),
_d1766-1817
245 1 0 _aDe l'influence des passions sur le bonheur des individus et des nations
_h[electronic resource] /
_cMadame de Staël
260 _bProject Gutenberg,
_c2006
506 _aPublic domain in the USA.
516 _aElectronic text
653 _aCharacter
653 _aEmotions
830 0 _aProject Gutenberg
_v19232
856 4 0 _uhttp://www.gutenberg.org/ebooks/19232
942 _cEB
999 _c248487
_d248487